Normal view MARC view
  • Career development

Entry Topical Term

Number of records used in: 2

001 - CONTROL NUMBER

  • control field: 4123

003 - CONTROL NUMBER IDENTIFIER

  • control field: NUST

005 - DATE AND TIME OF LATEST TRANSACTION

  • control field: 20170824113418.0

008 - FIXED-LENGTH DATA ELEMENTS

  • fixed length control field: 170824|| aca||aabn | a|a d

040 ## - CATALOGING SOURCE

  • Original cataloging agency: NUST
  • Transcribing agency: NUST

150 ## - HEADING--TOPICAL TERM

  • Topical term or geographic name entry element: Career development
  • Form subdivision: Case studies.

670 ## - SOURCE DATA FOUND

  • Source citation: Work cat.: (NUST)0: Niles, Spencer G. 4034, Career development interventions in the 21st century /, c2013.
© 2023 Central Library, National University of Sciences and Technology. All Rights Reserved.